1231 1305 1490 1975 1111 1094 1855 1682 1436 1441 1214 1929 1796 1039 1187 1148 1690 1104 1682 1760 1523 1022 1299 1549 1261 1381 1465 1044 1288 1678 1967 1894 1281 1837 1076 1756 1451 1978 1483 1484 1516 1221 1175 1240 1350 1939 1746 1974 1831 1990 1406 1507 1524 1606 1009 1752 1956 1506 1239 1594 1665 1907 1365 1437 1690 1102 1171 1954 1093 1702 1650 1629 1427 1735 1882 1256 1861 1958 1042 1421 1821 1829 1133 1687 1341 1329 1843 1596 1094 1936 1660 1524 1354 1747 1877 1129 1692 1689 1741 BCNSPRNW ULIB Ver.6.0+V

เปลี่ยนเป็นภาษาไทย

Change to English
 แสดงรายละเอียดบรรณานุกรม
  กลับหน้าหลัก

Brief Record : Get Marc (ISO 2709) : E-mail record : QR code < ปิดหน้าต่าง
LEADER : 00000nam 2200000uu 4500
001    13399126333
003     ULIB
008    180909s2560||||th 000 0 tha d
020    ^a9786163982605
060    ^aWY157 จ248ก
100    ^aจันทรรัตน์ เจริญสันติ อำไพ จารุวัชรพาณิชกุล และอภิรัช อินทรางกูร ณ อยุธยา
245    ^aการพยาบาลและการผดุงครรภ์ : สตรีในระยะตั้งครรภ์
250    ^aพิมพ์ครั้งที่ 1
260    ^aเชียงใหม่ :^bคณะพยาบาลศาสตร์ มหาวิทยาลัยเขียงใหม่,^c2560
300    ^a418 หน้า^bภาพประกอบ
650    ^aการพยาบาลสูติศาสตร์
945    ^p350^l0^i26577
945    ^p350^l0^i26578
945    ^p350^l0^i26579
945    ^p350^l0^i27004
945    ^p350^l0^i27006
945    ^p350^l0^i27005
945    ^p350^l0^i27008
945    ^p350^l0^i27007
999    ^aกัณชพร จุลอักษร
รายการนี้ยังไม่มีแท็ก
คุณยังไม่ได้ล็อกอิน คุณสามารถมีกิจกรรมร่วมกับเว็บไซต์ได้ แต่ต้องล็อกอินก่อน ::
  ล็อกอิน

รายการสื่อสารสนเทศ

ลำดับที่ ประเภท เลขเรียก/บาร์โค้ด สถานที่ สถานะ
1. หนังสือสำรอง
หนังสือสำรอง
WY157 จ248ก ฉ.1 
  Barcode: 26577
ห้องสมุดวิทยาเขตนครสวรรค์
►หนังสือทั่วไป:l:General Books
บนชั้น
2. วิทยาศาสตร์การแพทย์ และสุขภาพ
วิทยาศาสตร์การแพทย์ และสุขภาพ
WY157 จ248ก ฉ.2 
  Barcode: 26578
ห้องสมุดวิทยาเขตนครสวรรค์
►หนังสือทั่วไป:l:General Books
บนชั้น
3. วิทยาศาสตร์การแพทย์ และสุขภาพ
วิทยาศาสตร์การแพทย์ และสุขภาพ
WY157 จ248ก ฉ.3 
  Barcode: 26579
ห้องสมุดวิทยาเขตนครสวรรค์
►หนังสือทั่วไป:l:General Books
บนชั้น
4. วิทยาศาสตร์การแพทย์ และสุขภาพ
วิทยาศาสตร์การแพทย์ และสุขภาพ
WY157 จ248ก ฉ.4 
  Barcode: 27004
ห้องสมุดวิทยาเขตนครสวรรค์
►หนังสือทั่วไป:l:General Books
บนชั้น
5. วิทยาศาสตร์การแพทย์ และสุขภาพ
วิทยาศาสตร์การแพทย์ และสุขภาพ
WY157 จ248ก ฉ.5 
  Barcode: 27005
ห้องสมุดวิทยาเขตนครสวรรค์
►หนังสือทั่วไป:l:General Books
ถูกยืม กำหนดส่งวันที่ 15 พฤษภาคม 2569
  จอง
6. วิทยาศาสตร์การแพทย์ และสุขภาพ
วิทยาศาสตร์การแพทย์ และสุขภาพ
WY157 จ248ก ฉ.6 
  Barcode: 27006
ห้องสมุดวิทยาเขตนครสวรรค์
►หนังสือทั่วไป:l:General Books
บนชั้น
7. วิทยาศาสตร์การแพทย์ และสุขภาพ
วิทยาศาสตร์การแพทย์ และสุขภาพ
WY157 จ248ก ฉ.7 
  Barcode: 27007
ห้องสมุดวิทยาเขตนครสวรรค์
►หนังสือทั่วไป:l:General Books
บนชั้น
8. วิทยาศาสตร์การแพทย์ และสุขภาพ
วิทยาศาสตร์การแพทย์ และสุขภาพ
WY157 จ248ก ฉ.8 
  Barcode: 27008
ห้องสมุดวิทยาเขตนครสวรรค์
►หนังสือทั่วไป:l:General Books
บนชั้น

รายการใกล้เคียง
    ชื่อเรื่อง [การพยาบาลและการผดุงครรภ์ : สตรีในระยะตั้งครรภ์]

    ผู้แต่ง [จันทรรัตน์ เจริญสันติ อำไพ จารุวัชรพาณิชกุล และอภิรัช อินทรางกูร ณ อยุธยา]

    หัวเรื่อง [การพยาบาลสูติศาสตร์]

BibComment


ยังไม่เคยถูกคอมเมนท์

คอมเมนท์ทรัพยากรรายการนี้
  คอมเมนท์: การพยาบาลและการผ..


 Copyright 2026. Bcnsprnw @Library